000 00772nam a2200229Ia 4500
003 GCL
008 140319s9999 xx 000 0 ara d
040 _aGCL /
_cGCL
082 0 4 _a810.8008
_bن ح
100 1 _aالحكمى , نجم الدين ابى محمد عم
245 1 0 _aالنكت العصرية فى اخبار الوزراء المصرية /
_cالحكمى , نجم الدين ابى محمد عم
700 1 _aدرنبرغ هرتويغ
260 _a[S.N] :
_bمكتبة مدبولى ،
_c1991
300 _a399 ص
490 _a
650 0 4 _aالشعر العربى
650 0 4 _aالادب العربى
650 0 4 _aالنثر العربى
650 0 4 _aالعصر المملوكى
650 0 4 _aدواوين وقصائد
942 _2ddc
_cBK
999 _c52347
_d52347